000
00246nam a22001217a 4500
003
SGT
082
_a
004.6782,BUY
100
_a
BUYYA,RAJKUMAR
245
_a
CLOUD COMPUTING
260
_b
WILEY PU.
_c
2016
300
_a
637
942
_2
ddc
_c
GF BOOKS
999
_c
34410
_d
34410